Normal view MARC view

Entry Topical Term

Number of records used in: 2

001 - CONTROL NUMBER

  • control field: 7174

003 - CONTROL NUMBER IDENTIFIER

  • control field: dpl

005 - DATE AND TIME OF LATEST TRANSACTION

  • control field: 20100805160353.0

008 - FIXED-LENGTH DATA ELEMENTS

  • fixed length control field: 100805|||a|||||| | ||| d

040 ## - CATALOGING SOURCE

  • Original cataloging agency: dpl
  • Transcribing agency: dpl

150 ## - HEADING--TOPICAL TERM

  • Topical term or geographic name as entry element: Education-Social aspects

670 ## - SOURCE DATA FOUND

  • Source citation: Work cat.: (dpl): Mahajan, Sucheta, 7173, Education for social change :, 2008

670 ## - SOURCE DATA FOUND

  • Source citation: Work cat.: (dpl): Mahajan, Sucheta, 7173, Education for social change :, 2008

© Delhi Public Library
Hit Counter
free hit counter